Sports Quiz

Random Sports or NHL Quiz
Score 0/100 Timer 15:00
4 Plays Today
Team(s) Player % Correct
FlamesJarome Iginla
90.4%
CapitalsAlex Ovechkin
88.6%
PenguinsSidney Crosby
83%
LightningMartin St. Louis
82.1%
Penguins, Capitals, RangersJaromir Jagr
81.4%
Thrashers, DevilsIlya Kovalchuk
81.4%
Bruins, SharksJoe Thornton
81.3%
AvalancheJoe Sakic
80.8%
Senators, Thrashers, Penguins, Red Wings, BlackhawksMarian Hossa
78.5%
SenatorsDaniel Alfredsson
76.5%
LightningVincent Lecavalier
76.5%
SharksPatrick Marleau
74.2%
Thrashers, Senators, SharksDany Heatley
73%
Ducks, Sharks, Avalanche, DucksTeemu Selanne
72%
CanucksDaniel Sedin
71.6%
Blue JacketsRick Nash
71.1%
StarsMike Modano
68.5%
Maple Leafs, CanucksMats Sundin
68.1%
CoyotesShane Doan
66%
Red WingsPavel Datsyuk
65.9%
Red WingsHenrik Zetterberg
65.8%
DevilsPatrik Elias
65.2%
HurricanesEric Staal
64.1%
PenguinsEvgeni Malkin
63.1%
Wild, RangersMarian Gaborik
63%
AvalancheMilan Hejduk
62.2%
Canucks, RangersMarkus Naslund
60.5%
Lightning, StarsBrad Richards
57.5%
Ducks, Avalanche, Predators, BluesPaul Kariya
57%
SenatorsJason Spezza
52.9%
Penguins, Rangers, Canadiens, SenatorsAlex Kovalev
52.4%
Coyotes, Blues, Thrashers, BluesKeith Tkachuk
52.1%
Flyers, Penguins, Hurricanes, Penguins, Thrashers, Lightning, BruinsMark Recchi
51.3%
Red Wings, Rangers, DevilsBrendan Shanahan
50.2%
Team(s) Player % Correct
Oilers, Islanders, Avalanche, KingsRyan Smyth
47.6%
HurricanesRod Brind'Amour
46.2%
Oilers, Bruins, Stars, Blues, Sharks, Islanders, PenguinsBill Guerin
46.1%
FlyersJeff Carter
45.9%
Coyotes, Sabres, FlyersDanny Briere
45.7%
Canucks, Panthers, Red Wings, Ducks, Flames, Red WingsTodd Bertuzzi
44.9%
Panthers, Coyotes, Flames, RangersOlli Jokinen
44%
Red Wings, Ducks, Blue Jackets, CapitalsSergei Fedorov
43.9%
Canadiens, DucksSaku Koivu
43.7%
FlyersSimon Gagne
43.6%
DevilsZach Parise
43.2%
Devils, Stars, PredatorsJason Arnott
40.6%
Avalanche, Flames, Sabres, RangersChris Drury
40.2%
Penguins, Capitals, Red Wings, Blackhawks, Canadiens, CoyotesRobert Lang
39.7%
Senators, IslandersAlexei Yashin
39.3%
Avalanche, Flames, Canadiens, LightningAlex Tanguay
39.3%
Sabres, Islanders, Penguins, BruinsMiroslav Satan
38.2%
DevilsBrian Gionta
37.4%
SabresThomas Vanek
36.9%
Sharks, SenatorsJonathan Cheechoo
36.6%
Capitals, Senators, Thrashers, BlackhawksPeter Bondra
36.4%
Flames, Thrashers, BruinsMarc Savard
34.9%
Kings, Islanders, Maple Leafs, DucksJason Blake
34.4%
Sharks, Maple Leafs, Coyotes, Flames, WildOwen Nolan
32.8%
Kings, BruinsGlen Murray
32.7%
Senators, Blackhawks, WildMartin Havlat
32.1%
Blues, Kings, Wild, CanucksPavol Demitra
31.8%
Panthers, Blue Jackets, Red Wings, HurricanesRay Whitney
31.8%
StarsBrenden Morrow
30.5%
Devils, Ducks, Rangers, Oilers, Penguins, WildPetr Sykora
29.8%
Red WingsTomas Holmstrom
29%
Stars, DevilsJamie Langenbrunner
29%
Red Wings, Sabres, ThrashersSlava Kozlov
28.1%
Bruins, Wild, DevilsBrian Rolston
27.9%
Team(s) Player % Correct
Blackhawks, PredatorsSteve Sullivan
27.6%
CapitalsAlexander Semin
26.6%
Thrashers, Wild, Avalanche, WildAndrew Brunette
26.2%
Predators, FlyersScott Hartnell
26.1%
StarsJere Lehtinen
25.8%
Sharks, BruinsMarco Sturm
25.1%
Senators, Panthers, Lightning, Ducks, Lightning, Flyers, Lightning, RangersVinny Prospal
23.7%
Bruins, Oilers, Canadiens, HurricanesSergei Samsonov
21.6%
Hurricanes, Oilers, HurricanesErik Cole
21%
Kings, Flames, CanadiensMike Cammalleri
20.9%
Hurricanes, Maple LeafsJeff O'Neill
20.9%
Flyers, Coyotes, FlamesDaymond Langkow
20.5%
Flames, Blues, Lightning, Hurricanes, Senators, PanthersCory Stillman
19.5%
SenatorsMike Fisher
19.4%
Bruins, Flyers, CapitalsMike Knuble
19%
Canucks, Ducks, Stars, CapitalsBrendan Morrison
18.6%
Sabres, ThrashersMaxim Afinogenov
17.4%
Sabres, PredatorsJ.P. Dumont
16.9%
Lightning, Maple Leafs, AvalancheDarcy Tucker
16.7%
PanthersNathan Horton
15.9%
KingsAlex Frolov
15.8%
Lightning, Blue Jackets, KingsFredrik Modin
15.2%
Ducks, BluesAndy McDonald
14.7%
Canadiens, BruinsMichael Ryder
13.5%
Oilers, Flyers, Coyotes, Senators, Islanders, Senators, OilersMike Comrie
13%
Panthers, Flames, Blue JacketsKristian Huselius
12.6%
Capitals, Canadiens, Capitals, Islanders, PanthersRichard Zednik
11.1%
Maple Leafs, Rangers, ThrashersNik Antropov
10.8%
Blues, Oilers, SabresJochen Hecht
10.1%
Islanders, Kings, Wild, Stars, LightningMark Parrish
10%
Flyers, Lightning, Islanders, PenguinsRuslan Fedotenko
9.9%
Maple Leafs, Canadiens, Predators, Coyotes, Maple Leafs, BlackhawksYanic Perreault
8.2%
Remove Ads.
Support Sporcle.
Get the best of Sporcle when you Go Orange. This ad-free experience offers more features, more stats, and more fun while also helping to support Sporcle. Thank you for becoming a member.

You're not logged in!

Compare scores with friends on all Sporcle quizzes.
OR
Log In

Show Comments

Extras

Top Quizzes Today


Score Distribution

Your Account Isn't Verified!

In order to create a playlist on Sporcle, you need to verify the email address you used during registration. Go to your Sporcle Settings to finish the process.

Report this User

Report this user for behavior that violates our Community Guidelines.

Details: